00257nam a2200109Ia 4500008004100000082001600041100001900057245002700076260002800103300000800131650000800139191201s2002 xx 000 0 und d a658.45bHAB aHARTLEY, Peter 0aBusiness Communication aLondanbRoutledgec2002 a382 aBBA